Introduction to psychology (Record no. 57475)

MARC details
000 -LEADER
fixed length control field 00391nam a2200157Ia 4500
008 - FIXED-LENGTH DATA ELEMENTS--GENERAL INFORMATION
fixed length control field 230917s9999||||xx |||||||||||||| ||und||
040 ## - CATALOGING SOURCE
-- 6628
Original cataloging agency VIVEKANANDA LIBRARY
041 ## - Language
-- English
082 ## - DDC NUMBER
Classification number 150 A57I
100 ## - MAIN ENTRY--PERSONAL NAME
Personal name Atkinson, rita L
245 #0 - TITLE STATEMENT
Title Introduction to psychology
250 ## - EDITION STATEMENT
Edition statement 9th ed.
260 ## - PUBLICATION, DISTRIBUTION, ETC. (IMPRINT)
Place of publication, distribution, etc San Diego
Name of publisher, distributor, etc Harcourt Brace Jovanovich
Date of publication, distribution, etc 1987
300 ## - PHYSICAL DESCRIPTION
Pages xvii, 744 p.
942 ## - ADDED ENTRY ELEMENTS (KOHA)
Koha item type Books
Holdings
Withdrawn status Lost status Damaged status Not for loan Location (home branch) Sublocation or collection (holding branch) Date acquired Koha issues (times borrowed) Koha full call number Accession No. Koha date last seen Koha item type
        VIVEKANANDA LIBRARY VIVEKANANDA LIBRARY 28/08/2002 4 150 A57I 127762 28/09/2024 Books
© Designed and Maintained by Vivekananda Library, MDU Rohtak